000
00276nam a22001097a 4500
008
160518b xxu||||| |||| 00| 0 eng d
020
_a
9780521699983
041
_a
eng
080
_a
61
245
_a
Just health / Meetings health needs fairly:
_c
Norman Daniels;
942
_2
udc
_c
BK
999
_c
2156
_d
2156